Biblioteca

La naturaleza / Emanuela Bussolati ; ilustraciones Laura Rigo (Registro nro. 49151)

Detalles MARC
000 -LÍDER
Campo fijo de descripción fija 003830000a22001570004500
020 ## - NÚMERO INTERNACIONAL NORMALIZADO PARA LIBROS
Número Internacional Normalizado del libro 84-414-1656-7
082 04 - NÚMERO DE CLASIFICACIÓN DECIMAL DEWEY
Número de clasificación B B967n
001 - NÚMERO DE CONTROL
Campo de control 2001
100 1# - ASIENTO PRINCIPAL--NOMBRE PERSONAL
Nombre personal Bussolati Emanuela
245 10 - TÍTULO
Título del Material La naturaleza / Emanuela Bussolati ; ilustraciones Laura Rigo
260 ## - PUBLICACIÓN, DISTRIBUCIÓN, ETC. (PIE DE IMPRENTA)
Lugar de publicación, distribución, etc. italia : EDAF
300 ## - DESCRIPCIÓN FÍSICA
Extensión [18 P.]
500 ## - NOTA GENERAL
Nota General Para niños de 1 a 4 años
942 ## - TIPO DE MATERIAL (KOHA)
Tipo de Item KOHA Z- Libro General BINCO
Existencias
Estado de Material Estado de Perdido Volumen-Parte/Tomo Estado de Dañado No para Préstamo Tomo Biblioteca de Origen Biblioteca Permanente Fecha de Adquisición Total de Préstamos Signatura Topográfica Código de Barras Última vez visto Ejemplar/Existencia Fecha de Remplazo Tipo de Material
    4       Biblioteca Infantil Comunitaria BINCO Biblioteca Infantil Comunitaria BINCO 21/07/2009   B B967n B32583 24/11/2016 1 26/01/2016 Z- Libro General BINCO
    7       Biblioteca Infantil Comunitaria BINCO Biblioteca Infantil Comunitaria BINCO 21/07/2009   B B967n B32585 24/11/2016 1 26/01/2016 Z- Libro General BINCO

Biblioteca FUSBC | Teléfono: (57+4) 349 88 10 Ext. 141| WhatsApp (+57) 3005338115 
E-mail: biblioteca@unisbc.edu.co | Calle 76 87-14 Robledo Palenque, Medellín, Colombia

Con tecnología Koha